Advanced Approach to Data Interpretation (Record no. 43626)

MARC details
000 -LEADER
fixed length control field 00508nam a2200193Ia 4500
008 - FIXED-LENGTH DATA ELEMENTS--GENERAL INFORMATION
fixed length control field 220531s9999 xx 000 0 und d
041 ## - LANGUAGE CODE
Language code of text/sound track or separate title eng
082 ## - DEWEY DECIMAL CLASSIFICATION NUMBER
Item number ADV / AGG
100 ## - MAIN ENTRY--PERSONAL NAME
Personal name Aggarwal, R. S.
9 (RLIN) 78766
245 ## - TITLE STATEMENT
Title Advanced Approach to Data Interpretation
250 ## - EDITION STATEMENT
Edition statement 1ST
260 ## - PUBLICATION, DISTRIBUTION, ETC. (IMPRINT)
Place of publication, distribution, etc. New Delhi
Name of publisher, distributor, etc. S.Chand & Com.
Date of publication, distribution, etc. 2014
300 ## - PHYSICAL DESCRIPTION
Extent 155
542 ## - INFORMATION RELATING TO COPYRIGHT STATUS
Copyright holder 18-11-2016
551 ## -
-- General
-- Grantable
650 ## - SUBJECT ADDED ENTRY--TOPICAL TERM
Topical term or geographic name as entry element Data Interpretation
9 (RLIN) 78767
906 ## - LOCAL DATA ELEMENT F, LDF (RLIN)
d 2016-2017
f 9878
Holdings
Withdrawn status Lost status Source of classification or shelving scheme Damaged status Not for loan Collection code Home library Current library Date acquired Vendor Cost, normal purchase price Total Checkouts Total Holds Full call number Barcode Date last seen Cost, replacement price Bill Date Koha item type Original Barcode
    Dewey Decimal Classification       Shri Siddhivinayak Mahila Mahavidyalaya Shri Siddhivinayak Mahila Mahavidyalaya 15/12/2016 Ved 195.00   1 /ADV/AGG/B/17739 SSMM-BK-17739 06/08/2022 195.00 06/08/2022 Books 010017739